000 11770nam a22007337a 4500
005 20110429102333.0
010 _aB-428745-786
020 _a9788126712489 ( भाग-1)
_c600.00
020 _a9788126712496 ( भाग-2)
_c600.00
035 _aB-428745-786
037 _bVirtuous Pub.
082 _a841
245 _aहिन्दोस्तां हमारा /
_cजां निसार अख़्तर; मुग़नी अब्बासी एवं जोया अब्बासी द्वारा हिन्दी शब्दावली
246 _aHindostaan hamara
260 _aनई दिल्ली
_bराजकमल प्रकाशन
_c2010
270 _a1 B, Netaji Subhash Marg
_bNew Delhi
_e110002
300 _a2 भाग (544; 509पृ.)
_c22सेमी (सजिल्द)
500 _a2 भागों मे प्रकाशित । मूल्य रू. 600.00 (प्रति भाग)
700 _aजां निसार अख़्तर
_927520
942 _2ddc
_cHN
_h841
_mहिन्दोस्तां
999 _c52011
_d52011